Top 25 Nickelodeon Shows of All Time (Ranker.com) - Statistics

General Stats
  • This quiz has been taken 145 times
  • The average score is 8 of 25
Answer Stats
Hint Answer % Correct
6 iCarly
87%
1 SpongeBob SquarePants
84%
25 Victorious
77%
4 Drake & Josh
69%
22 Zoey 101
50%
3 Rugrats
49%
2 The Fairly Oddparents
49%
10 CatDog
38%
5 Hey Arnold!
35%
7 Jimmy Neutron
32%
9 All That
26%
12 Danny Phantom
26%
8 Kenan & Kel
26%
16 Avatar: The Last Airbender
22%
23 The Amanda Show
21%
11 Doug
17%
20 Ned's Declassified
15%
17 The Wild Thornberrys
15%
13 Rocko's Modern Life
14%
15 Rocket Power
13%
18 Double Dare
9%
19 Legends of the Hidden Temple
9%
24 The Ren & Stimpy Show
8%
14 Are You Afraid of the Dark?
6%
21 Clarissa Explains It All
6%
No matching quizzes found
Score Distribution
Percent of People with Each Score
Percentile by Number Answered
Your Score History
You have not taken this quiz